书目信息 |
| 题名: |
金文与青铜时代
|
|
| 作者: | 金开诚 主编 ;杨杰 编著 | |
| 分册: | ||
| 出版信息: | 长春 吉林文史出版社 2018重印 |
|
| 页数: | 134页 | |
| 开本: | 22cm | |
| 丛书名: | 中国文化知识读本 | |
| 单 册: | ||
| 中图分类: | K877.34 , K876.414 | |
| 科图分类: | ||
| 主题词: | 金文--jin wen--研究--中国 , 青铜器 (考古)--qing tong qi ( kao gu )--研究--中国 | |
| 电子资源: | ||
| ISBN: | 978-7-5463-3974-0 | |
| 000 | 01017nam 2200301 45 | |
| 001 | 012001009631 | |
| 005 | 20140103085038.0 | |
| 010 | @a978-7-5463-3974-0@dCNY34.80 | |
| 099 | @aCAL 012011438873 | |
| 100 | @a20111129d2011 em y0chiy50 ea | |
| 101 | 0 | @achi |
| 102 | @aCN@b220000 | |
| 105 | @aa z 000yy | |
| 106 | @ar | |
| 200 | 1 | @a金文与青铜时代@Ajin wen yu qing tong shi dai@f主编金开诚@g编著杨杰 |
| 210 | @a长春@c吉林文史出版社@c吉林出版集团有限责任公司@d2018重印 | |
| 215 | @a134页@c图@d22cm | |
| 225 | 2 | @a中国文化知识读本@Azhong guo wen hua zhi shi du ben |
| 330 | @a本书主要内容包括: 青铜的特点 ; 中国的青铜时代 ; 金文 ; 民族瑰宝 传国重器。 | |
| 410 | 0 | @12001@a中国文化知识读本 |
| 606 | 0 | @a金文@Ajin wen@x研究@y中国 |
| 606 | 0 | @a青铜器 (考古)@Aqing tong qi ( kao gu )@x研究@y中国 |
| 690 | @aK877.34@v4 | |
| 690 | @aK876.414@v4 | |
| 701 | 0 | @a金开诚@Ajin kai cheng@4主编 |
| 702 | 0 | @a杨杰@Ayang jie@4编著 |
| 801 | 2 | @aCN@b上海新华@c20191020 |
| 905 | @b1188915-8@dK877.34@e431@f4 | |
| 金文与青铜时代/主编金开诚/编著杨杰.-长春:吉林文史出版社:吉林出版集团有限责任公司,2018重印 |
| 134页:图;22cm.-(中国文化知识读本) |
| ISBN 978-7-5463-3974-0:CNY34.80 |
| 本书主要内容包括: 青铜的特点 ; 中国的青铜时代 ; 金文 ; 民族瑰宝 传国重器。 |
| ● |
| 相关链接 |
|
|
|
|
正题名:金文与青铜时代
索取号:K877.34/431
 
预约/预借
| 序号 | 登录号 | 条形码 | 馆藏地/架位号 | 状态 | 备注 |
| 1 | 1188915 | 211889152 | 第二样本阅览室/ [索取号:K877.34/431] | 在馆 | |
| 2 | 1188916 | 211889161 | 第二借阅区/ [索取号:K877.34/431] | 在馆 | |
| 3 | 1188917 | 211889170 | 第二借阅区/ [索取号:K877.34/431] | 在馆 | |
| 4 | 1188918 | 211889189 | 第二借阅区/ [索取号:K877.34/431] | 在馆 |